00287nam a2200109Ia 4500008004100000041000800041082002500049100002000074245003100094260004400125300000800169230411s9999 xx 000 0 und d aeng aB/612.014/INA/B04504 aInamdar Madhuri aApplied Physics in Nursing bVora Medical PublicationsaMumbaic2001 a69p